La "Constitucin̤" Marroqu ̕de 2011 anl̀isis crt̕ico

Detalles Bibliográficos
Autor principal: Ruz̕ Miguel, Carlos
Formato: eBook
Lenguaje:español
Publicado: Madrid : Dykinson, 2012
Materias:
Acceso en línea:http://vlex.com/source/6946

MARC

LEADER 00000nam a22000007a 4500
005 20130115172229.0
007 cr|||| ||||
008 130115e2012 sp |||||s|||| 00||0 spa d
020 |a 978-84-15454-62-5 
035 |a 6946 
040 |a vLex 
090 |c 3521  |d 3521 
100 1 0 |a Ruz̕ Miguel, Carlos 
245 1 4 |a La "Constitucin̤" Marroqu ̕de 2011  |b anl̀isis crt̕ico  |h [Recurso electrn̤ico] 
256 |a Servicio en ln̕ea 
260 |a Madrid :  |b Dykinson,   |c 2012  
300 |a 1 Recurso electrn̤ico 
650 0 4 |a Derecho constitucional 
651 4 |a Marruecos 
740 |a vLex Libros (Servicio en ln̕ea) 
856 |a Acceso restringido  |u http://vlex.com/source/6946 
942 |c BOOK 
999 0 |a Constitutional law 
999 0 |a Morocco